| 000 | 00659cam a2200217 4500 | ||
|---|---|---|---|
| 001 | ABS62112 | ||
| 008 | 000000n2000 000 0 eng u | ||
| 035 | _a(Sirsi) u105168 | ||
| 245 | _aThere's no disputing the importance of negligence | ||
| 260 | _c2000 | ||
| 490 |
_aProperty Week _v65(13) 31 March 2000, 66-67(2) |
||
| 520 | _aDescribes the different circumstances in which professional negligence can occur. | ||
| 590 | _aABS | ||
| 650 | _aPROFESSIONAL INDEMNITY INSURANCE | ||
| 650 | _aLIABILITY | ||
| 650 | _aDUTY OF CARE | ||
| 650 | _aCONTRACTUAL DUTY | ||
| 650 | _aNEGLIGENCE | ||
| 690 | _aPROFESSIONAL PRACTICE-NEGLIGENCE | ||
| 942 | _n0 | ||
| 999 |
_c63068 _d63068 |
||